Statistics for Columbus Blue Jackets Captains

Click here to take the quiz!

General Stats

  • This quiz has been taken 3 times
  • The average score is 4 of 6

Answer Stats

Hint Answer % Correct
2008-12Rick Nash
100%
2016-CurrentNick Foligno
100%
2006-08Adam Foote
67%
2001-02Lyle Odelein
33%
2003Ray Whitney
33%
2004-06Luke Richardson
33%

Score Distribution

Percentile by Number Answered

Percent of People with Each Score

Your Score History

You have not taken this quiz